000 00269nmm a2200085Ia 4500
008 220120s9999||||xx |||||||||||||||||und||
020 _a0-07-052929
100 _aPrakash, Shesha M.N and Mogaveer, Ganesh B
245 0 _aElements of civil engineering and engineering mechanics
999 _c139567
_d139567